[Event "Dhaka IRT U2000"]
[Site "Dhaka"]
[Date "2018.02.20"]
[Round "7"]
[White "Md, Zakaria"]
[Black "Ahmed, Feroz"]
[Result "0-1"]
[WhiteElo "1930"]
[BlackElo "1994"]
[PlyCount "60"]
[EventDate "2018.02.14"]
[EventType "swiss"]
[EventRounds "9"]
[EventCountry "BAN"]
[SourceTitle "EXT 2024"]
[Source "ChessBase"]
[SourceDate "2023.10.10"]
[SourceVersion "1"]
[SourceVersionDate "2023.10.10"]
[SourceQuality "1"]

1. e4 e5 2. Nf3 Nc6 3. d4 exd4 4. Nxd4 Nf6 5. Nxc6 bxc6 6. e5 Nd5 7. Nd2 Be7 8. Nf3 0-0 9. c4 Nb6 10. Bd3 d5 11. exd6 cxd6 12. 0-0 Bf6 13. Rb1 Bg4 14. h3 Bh5 15. b3 d5 16. g4 Bg6 17. Bxg6 fxg6 18. c5 Nd7 19. b4 Qc7 20. g5 Be5 21. Re1 Rae8 22. Kg2 Rf5 23. Nd4 Rxf2+ 24. Kxf2 Bg3+ 25. Kg2 Bxe1 26. Qg4 Qe5 27. Nxc6 Qc3 28. Rb3 Qc2+ 29. Kh1 Qxc1 30. Qxd7 Bf2+ 0-1

[Event "Dhaka IRT U2000"]
[Site "Dhaka"]
[Date "2018.02.17"]
[Round "4"]
[White "Gias Uddin, Ahmed"]
[Black "Md, Zakaria"]
[Result "1-0"]
[WhiteElo "1982"]
[BlackElo "1930"]
[PlyCount "69"]
[EventDate "2018.02.14"]
[EventType "swiss"]
[EventRounds "9"]
[EventCountry "BAN"]
[SourceTitle "EXT 2024"]
[Source "ChessBase"]
[SourceDate "2023.10.10"]
[SourceVersion "1"]
[SourceVersionDate "2023.10.10"]
[SourceQuality "1"]

1. e4 c6 2. f4 d5 3. e5 Bf5 4. d3 e6 5. Nf3 Ne7 6. h3 h5 7. g3 Nd7 8. Bg2 f6 9. 0-0 Qc7 10. Qe2 Ng6 11. Re1 0-0-0 12. Kh1 fxe5 13. fxe5 Bc5 14. c3 Qb6 15. d4 Be7 16. b4 Qb5 17. Qb2 Be4 18. Nbd2 Rhf8 19. Nxe4 dxe4 20. Ng1 h4 21. g4 Nf4 22. Bxf4 Rxf4 23. Rxe4 Rdf8 24. Rxf4 Rxf4 25. a4 Qd3 26. a5 Qe3 27. Qc1 Qf2 28. Ra2 Qxa2 29. Qxf4 g5 30. Qf7 Bd8 31. a6 Qxa6 32. Qxe6 Qb6 33. Be4 Qc7 34. Bf5 b6 35. Qe8 1-0

[Event "BAN-chB 41st"]
[Site "Dhaka"]
[Date "2015.10.17"]
[Round "3"]
[White "Md, Sharif Hossain"]
[Black "Md, Zakaria"]
[Result "1-0"]
[WhiteElo "2135"]
[BlackElo "1937"]
[PlyCount "27"]
[EventDate "2015.10.15"]
[EventType "swiss"]
[EventRounds "11"]
[EventCountry "BAN"]
[SourceTitle "EXT 2017"]
[Source "ChessBase"]
[SourceDate "2016.10.25"]
[SourceVersion "1"]
[SourceVersionDate "2016.10.25"]
[SourceQuality "1"]

1. e4 c6 2. d4 d5 3. Nc3 dxe4 4. Nxe4 Bf5 5. Ng3 Bg6 6. h4 h6 7. Nf3 Nf6 8. Ne5 Bh7 9. Bc4 e6 10. c3 Nbd7 11. Qe2 Be7 12. Nxf7 Kxf7 13. Qxe6+ Kf8 14. Qf7# 1-0